| 000 | 00676nam a22002173a 4500 | ||
|---|---|---|---|
| 005 | 20221001063751.0 | ||
| 008 | 011030s1984 es r 000 0 spa d | ||
| 020 | _a8427110286 | ||
| 035 | _aUPN01000113644 | ||
| 049 | _aCG | ||
| 050 | 4 |
_aBF575 S9 _bA7.7 |
|
| 245 | 0 | 3 |
_aEl arte de agradar : _bencanto, seducción, empatía / _cYvete Pesez ... [et al.] ; tr. José Luis Arriaga. |
| 260 |
_aBilbao, Esp. : _bMensajero, _c1984. |
||
| 300 |
_a255 p. : _bil. |
||
| 440 | 0 | _aSaber comunicarse | |
| 534 |
_pTraducción de: _tL'art de plaire: charme, seduction, empathie |
||
| 650 | 4 | _aSIMPATIA | |
| 650 | 2 |
_aEmpatía _914918 |
|
| 700 | 1 |
_aPesez, Yvete, _ecoaut. |
|
| 905 | _aLibro | ||
| 999 |
_c87552 _d87552 |
||